Clockwork Orange (Record n. 99562)

Dettagli MARC
000 -LEADER
fixed length control field 03036njm a2200433Ia 4500
001 - CONTROL NUMBER
control field 25920
003 - CONTROL NUMBER IDENTIFIER
control field IT-RoPAU
005 - DATE AND TIME OF LATEST TRANSACTION
control field 20220918181118.0
008 - FIXED-LENGTH DATA ELEMENTS--GENERAL INFORMATION
fixed length control field 131025s9999 xx 000 0 und d
040 ## - CATALOGING SOURCE
Original cataloging agency IT-RoPAU
040 ## - CATALOGING SOURCE
Transcribing agency IT-RoPAU
999 ## - SYSTEM CONTROL NUMBERS (KOHA)
Koha Dewey Subclass [OBSOLETE] n.d.
100 ## - MAIN ENTRY--PERSONAL NAME
Personal name AA.VV.
9 (RLIN) 794
100 ## - MAIN ENTRY--PERSONAL NAME
Relator term Autore musica
9 (RLIN) 14899
100 ## - MAIN ENTRY--PERSONAL NAME
Miscellaneous information Codice autore musica SPICS: 12000
9 (RLIN) 796
245 ## - TITLE STATEMENT
Title Clockwork Orange
250 ## - EDITION STATEMENT
Edition statement 1a ed.
260 ## - PUBLICATION, DISTRIBUTION, ETC. (IMPRINT)
Place of publication, distribution, etc. MILANO
260 ## - PUBLICATION, DISTRIBUTION, ETC. (IMPRINT)
Name of publisher, distributor, etc. WEA ITALIANA
Date of publication, distribution, etc. 1972 [1a Ed.:1972]
300 ## - PHYSICAL DESCRIPTION
Extent DISCO
300 ## - PHYSICAL DESCRIPTION
Dimensions 47 minuti (Testo: pag.)
500 ## - GENERAL NOTE
General note Colonna sonora. Musica da film
505 ## - FORMATTED CONTENTS NOTE
Formatted contents note Title Music From a Clockwork Orange (3:00) - The Thieving Magpie-Abridged (6:00) - Theme From a Clockwork Orange: Beethoviana (2:00) - Ninth Symphony, Second Movement-Abridged (4:00) - March From a Clockwork Orange-9 Sinf 4 mov-Abridged (7:00) - William Tell Overture-Abridged (2:00) - Pomp and Circumstance March n 1 (5:00) - Pomp and Circumstance March n. IV-Abridged (2:00) - Timesteps-Excerpt (5:00) - Overture To the Sun (2:00) - I Want To Marry A Lighthouse Keeper (4:00) - William Tell Overture-Abridged (3:00) - Suicide Scherzo-9 Sinf 2 mov-Abridged (4:00) - Ninth Symphony, Four Movement-Abridged (2:00) - Singin' In the Rain (3:00)
511 ## - PARTICIPANT OR PERFORMER NOTE
Participant or performer note Carlos Walter
511 ## - PARTICIPANT OR PERFORMER NOTE
Participant or performer note Eigen Erika
511 ## - PARTICIPANT OR PERFORMER NOTE
Participant or performer note Kelly Gene
650 ## - SUBJECT ADDED ENTRY--TOPICAL TERM
Topical term or geographic name as entry element COLONNA SONORA [DISCHI]
Relator term Codice MATERIA SPICS: 9950
9 (RLIN) 14900
700 ## - ADDED ENTRY--PERSONAL NAME
Personal name Purcell Henry
Dates associated with a name Codice autore musica SPICS: 11083
Relator term Autore musica
Name of part/section of a work Title Music From A Clockwork Orange
9 (RLIN) 14901
700 ## - ADDED ENTRY--PERSONAL NAME
Personal name Carlos Walter
Dates associated with a name Codice autore musica SPICS: 7930
Relator term Autore musica
Name of part/section of a work Title Music From A Clockwork Orange - Theme From a Clockwork Orange: Beethoviana - March From a Clockwork Orange-9 Sinf 4 mov-Abridged - Timesteps-Excerpt
9 (RLIN) 14902
700 ## - ADDED ENTRY--PERSONAL NAME
Personal name Elkind Rachel
Dates associated with a name Codice autoremusica SPICS: 13270
Relator term Autore musica
Name of part/section of a work Title Music From A Clockwork Orange - Theme From a Clockwork Orange: Beethoviana
9 (RLIN) 14903
700 ## - ADDED ENTRY--PERSONAL NAME
Personal name Rossini Gioachino
Dates associated with a name Codice autore musica SPICS: 11125
Relator term Autore musica
Name of part/section of a work The Thieving Magpie-Abridged - William Tell Overture-Abridged - William Tell Overture-Abridged
9 (RLIN) 14904
700 ## - ADDED ENTRY--PERSONAL NAME
Personal name Beethoven Ludwig Van
Dates associated with a name Codice autore musica SPICS: 10721
Relator term Autore musica
Name of part/section of a work Ninth Symphony, Second Movement-Abridged - March From a Clockwork Orange-9 Sinf 4 mov-Abridged - Suicide Scherzo-9 Sinf 2 Mov-Abridged - Ninth Symphony, Four Movement-Abridged
9 (RLIN) 14905
700 ## - ADDED ENTRY--PERSONAL NAME
Personal name Elgar Edward
Dates associated with a name Codice autore musica SPICS: 10874
Relator term Autore musica
Name of part/section of a work Pomp and Circumstance March n 1 - Pomp and Circumstance March n. IV-Abridged
9 (RLIN) 14906
700 ## - ADDED ENTRY--PERSONAL NAME
Personal name Tucker Terry
Dates associated with a name Codice autore musica SPICS: 15978
Relator term Autore musica
Name of part/section of a work Overture To the Sun
9 (RLIN) 14907
700 ## - ADDED ENTRY--PERSONAL NAME
Personal name Eigen Erika
Dates associated with a name Codice autore musica SPICS: 15979
Relator term Autore musica
Name of part/section of a work I Want To Marry A Lighthouse Keeper
9 (RLIN) 14908
700 ## - ADDED ENTRY--PERSONAL NAME
Personal name Freed Arthur
Dates associated with a name Codice autore musica SPICS: 15706
Relator term Autore musica
Name of part/section of a work Singin' In the Rain
9 (RLIN) 14909
700 ## - ADDED ENTRY--PERSONAL NAME
Personal name Herb Brown Nacio
Dates associated with a name Codice autore SPICS: 15980
Relator term Autore
Name of part/section of a work Singin' In the Rain
9 (RLIN) 14910
942 ## - ADDED ENTRY ELEMENTS (KOHA)
Koha item type DISCHI
Source of classification or shelving scheme Dewey Decimal Classification
Dati di copia
Withdrawn status Lost status Damaged status Not for loan Home library Current library Date acquired Total Checkouts Full call number Date last seen Price effective from Koha item type Public note
    Buone Condizioni Not For Loan SPICS-MEDIATECA SPICS-MEDIATECA 25/10/2013   25920 25/10/2013 25/10/2013 DISCHI Progr. Ins.: 5793 / N.Vol.: 1 / Copie: 1 - Copia rara: n.d. / date import: 01.01.2014 - By Epidotti, Trombetti, Vaglietti
CREDITS: SOCIETA' SAN PAOLO Via A.Severo, 58 - ROMA (RM) & PERIODICI SAN PAOLO SRL Via Giotto, 36 MILANO & CISF Via Giotto, 36 MILANO & EDIZIONI SAN PAOLO SRL,  Piazza Soncino, 5 CINISELLO BALSAMO (MI) -- ITALY